000 01444nam a2200361 a 4500
001 ebr10714307
003 CaPaEBR
006 m o u
007 cr cn|||||||||
008 130607s2013 enka sb 001 0 eng d
020 _z9780857283030 (hardback)
020 _z0857283030 (hardback)
020 _z9780857286239 (pbk.)
020 _z0857286234 (pbk.)
020 _z9780857283023 (e-book)
040 _aCaPaEBR
_cCaPaEBR
035 _a(OCoLC)843000577
043 _ad------
050 1 4 _aHC60
_b.P45 2013eb
082 0 4 _a338.9191724
_223
100 1 _aPhillips, David A.
245 1 0 _aDevelopment without aid
_h[electronic resource] :
_bthe decline of development aid and the rise of the diaspora /
_cDavid A. Phillips.
260 _aLondon :
_bAnthem Press,
_c2013.
300 _aviii, 224 p. :
_bill.
504 _aIncludes bibliographical references and index.
533 _aElectronic reproduction.
_bPalo Alto, Calif. :
_cebrary,
_d2013.
_nAvailable via World Wide Web.
_nAccess may be limited to ebrary affiliated libraries.
650 0 _aEconomic assistance
_zDeveloping countries.
651 0 _aDeveloping countries
_xDependency on foreign countries.
651 0 _aDeveloping countries
_xEconomic conditions.
655 7 _aElectronic books.
_2local
710 2 _aebrary, Inc.
856 4 0 _uhttp://site.ebrary.com/lib/rucke/Doc?id=10714307
_zAn electronic book accessible through the World Wide Web; click to view
999 _c1579
_d1579